<?xml version="1.0" encoding="UTF-8"?>
<record
    xmlns:xsi="http://www.w3.org/2001/XMLSchema-instance"
    xsi:schemaLocation="http://www.loc.gov/MARC21/slim http://www.loc.gov/standards/marcxml/schema/MARC21slim.xsd"
    xmlns="http://www.loc.gov/MARC21/slim">

  <leader>02116nam a22003137a 4500</leader>
  <controlfield tag="001">1524</controlfield>
  <controlfield tag="003">FISKH</controlfield>
  <controlfield tag="005">20250530114410.0</controlfield>
  <controlfield tag="008">230901b        cb ||||| |||| 00| 0 khr d</controlfield>
  <datafield tag="020" ind1=" " ind2=" ">
    <subfield code="a">9789995054052</subfield>
  </datafield>
  <datafield tag="040" ind1=" " ind2=" ">
    <subfield code="a">FISKH</subfield>
    <subfield code="b">eng</subfield>
    <subfield code="c">FISKH</subfield>
    <subfield code="d">FISKH</subfield>
  </datafield>
  <datafield tag="082" ind1=" " ind2=" ">
    <subfield code="a">932</subfield>
  </datafield>
  <datafield tag="100" ind1=" " ind2=" ">
    <subfield code="a">Michax, Madeleine </subfield>
  </datafield>
  <datafield tag="245" ind1=" " ind2=" ">
    <subfield code="a">&#x17A2;&#x17C1;&#x179F;&#x17CA;&#x17B8;&#x1794;&#x179F;&#x1798;&#x17D0;&#x1799; &#x1796;&#x17D2;&#x179A;&#x17C7;&#x1785;&#x17C5;&#x1795;&#x17B6;&#x179A;&#x17C9;&#x17B6;&#x17A2;&#x17BB;&#x1784; /  </subfield>
    <subfield code="c">&#x1793;&#x17B7;&#x1796;&#x1793;&#x17D2;&#x1792;&#x178A;&#x17C4;&#x1799; Madeleine Michaux - &#x1794;&#x17D2;&#x179A;&#x17C2;&#x179F;&#x1798;&#x17D2;&#x179A;&#x17BD;&#x179B;&#x178A;&#x17C4;&#x1799; &#x179F;&#x17CA;&#x17BB;&#x1793;&#x17A0;&#x17C1;&#x1784; &#x1798;&#x17C9;&#x17C1;&#x1784;&#x1788;&#x17B6;&#x1784;</subfield>
  </datafield>
  <datafield tag="250" ind1=" " ind2=" ">
    <subfield code="a">&#x1794;&#x17C4;&#x17C7;&#x1796;&#x17BB;&#x1798;&#x17D2;&#x1796;&#x179B;&#x17BE;&#x1780;&#x1791;&#x17B8;&#x17E8; &#x1781;&#x17C2;&#x1780;&#x1780;&#x17D2;&#x1780;&#x178A;&#x17B6; &#x1786;&#x17D2;&#x1793;&#x17B6;&#x17C6; &#x17E2;&#x17E0;&#x17E2;&#x17E1;</subfield>
  </datafield>
  <datafield tag="260" ind1=" " ind2=" ">
    <subfield code="a">Milan : </subfield>
    <subfield code="b">Sipar, </subfield>
    <subfield code="c">2000. </subfield>
  </datafield>
  <datafield tag="300" ind1=" " ind2=" ">
    <subfield code="a">32 pages : </subfield>
    <subfield code="b">color illustrations ; </subfield>
    <subfield code="c">20 cm </subfield>
  </datafield>
  <datafield tag="490" ind1=" " ind2=" ">
    <subfield code="a">&#x1781;&#x17D2;&#x1789;&#x17BB;&#x17C6;&#x1785;&#x1784;&#x17CB;&#x178A;&#x17B9;&#x1784; </subfield>
  </datafield>
  <datafield tag="505" ind1=" " ind2=" ">
    <subfield code="a">Z'
</subfield>
  </datafield>
  <datafield tag="520" ind1=" " ind2=" ">
    <subfield code="a">&#x17A2;&#x17C1;&#x17A0;&#x17D2;&#x179F;&#x17CA;&#x17B8;&#x1794;&#x1780;&#x17D2;&#x1793;&#x17BB;&#x1784;&#x179F;&#x1798;&#x17D0;&#x1799;&#x179F;&#x17D2;&#x178F;&#x17C1;&#x1785;&#x1795;&#x17B6;&#x179A;&#x17C9;&#x17C4;&#x1793;&#x1795;&#x17D2;&#x178F;&#x179B;&#x17CB;&#x1796;&#x17D0;&#x178F;&#x17CC;&#x1798;&#x17B6;&#x1793;&#x1787;&#x17B6;&#x1780;&#x17CB;&#x179B;&#x17B6;&#x1780;&#x17CB;&#x1787;&#x17B6;&#x1796;&#x17B8;&#x179A;&#x1795;&#x17D2;&#x1793;&#x17C2;&#x1780;&#x17D6; &#x179A;&#x17BF;&#x1784;&#x1793;&#x17B7;&#x1791;&#x17B6;&#x1793; &#x1793;&#x17B7;&#x1784;&#x1787;&#x17B8;&#x179C;&#x17B7;&#x178F;&#x1794;&#x17D2;&#x179A;&#x1785;&#x17B6;&#x17C6;&#x1790;&#x17D2;&#x1784;&#x17C3;&#x17D4; &#x1793;&#x17C5;&#x1780;&#x17D2;&#x1793;&#x17BB;&#x1784;&#x179A;&#x17BF;&#x1784;&#x1793;&#x17B7;&#x1791;&#x17B6;&#x1793; &#x179C;&#x17B6;&#x179A;&#x17C0;&#x1794;&#x179A;&#x17B6;&#x1794;&#x17CB;&#x17A2;&#x17C6;&#x1796;&#x17B8;&#x1787;&#x17C6;&#x1793;&#x17BF; &#x1794;&#x17D2;&#x179A;&#x179C;&#x178F;&#x17D2;&#x178F;&#x17B7;&#x179A;&#x1794;&#x179F;&#x17CB;&#x1796;&#x17D2;&#x179A;&#x17C7;&#x1791;&#x17B6;&#x1780;&#x17CB;&#x1791;&#x1784;&#x1793;&#x17B9;&#x1784;&#x1794;&#x179A;&#x17B7;&#x179F;&#x17D2;&#x1790;&#x17B6;&#x1793; &#x1793;&#x17B7;&#x1784;&#x1794;&#x17D2;&#x179A;&#x17B6;&#x179F;&#x17B6;&#x1791;&#x178A;&#x17C2;&#x179B;&#x1798;&#x17B6;&#x1793;&#x179F;&#x17D2;&#x179A;&#x17B6;&#x1794;&#x17CB;&#x17D4; &#x1793;&#x17C5;&#x1780;&#x17D2;&#x1793;&#x17BB;&#x1784;&#x1787;&#x17B8;&#x179C;&#x17B7;&#x178F;&#x1794;&#x17D2;&#x179A;&#x1785;&#x17B6;&#x17C6;&#x1790;&#x17D2;&#x1784;&#x17C3; &#x179C;&#x17B6;&#x1793;&#x17B7;&#x1799;&#x17B6;&#x1799;&#x17A2;&#x17C6;&#x1796;&#x17B8;&#x1787;&#x17C6;&#x1793;&#x17BF;&#x179A;&#x179C;&#x17B6;&#x1784;&#x1798;&#x1793;&#x17BB;&#x179F;&#x17D2;&#x179F; &#x1793;&#x17B7;&#x1784;&#x1796;&#x17D2;&#x179A;&#x17C7;&#x17D4;</subfield>
  </datafield>
  <datafield tag="520" ind1=" " ind2=" ">
    <subfield code="a">Egypt during Pharaohs provides specific information in two parts: fairy tales and daily life. In fairy tales, it describes beliefs, histories of God related to the environment and the existing temple. In terms of day to day life, it mentions the belief between people and God. </subfield>
  </datafield>
  <datafield tag="521" ind1="8" ind2=" ">
    <subfield code="a">1000

</subfield>
    <subfield code="b">Lexile estimate </subfield>
  </datafield>
  <datafield tag="521" ind1="8" ind2=" ">
    <subfield code="a">Z' 
</subfield>
    <subfield code="b">Raz-Plus 
</subfield>
  </datafield>
  <datafield tag="650" ind1=" " ind2=" ">
    <subfield code="a">&#x1787;&#x17C6;&#x1793;&#x17BF; </subfield>
    <subfield code="v">&#x17A2;&#x17C1;&#x179F;&#x17CA;&#x17B8;&#x1794; </subfield>
    <subfield code="x">&#x1796;&#x17D2;&#x179A;&#x17C7; </subfield>
  </datafield>
  <datafield tag="650" ind1=" " ind2=" ">
    <subfield code="a">Believe </subfield>
    <subfield code="v">Egypt </subfield>
    <subfield code="x">God </subfield>
  </datafield>
  <datafield tag="700" ind1=" " ind2=" ">
    <subfield code="a">Sovanrith, Khun </subfield>
    <subfield code="e">illustrator </subfield>
  </datafield>
  <datafield tag="700" ind1=" " ind2=" ">
    <subfield code="a">Mac, Regis </subfield>
    <subfield code="e">illustrator </subfield>
  </datafield>
  <datafield tag="942" ind1=" " ind2=" ">
    <subfield code="2">ddc</subfield>
    <subfield code="c">BK</subfield>
    <subfield code="n">0</subfield>
  </datafield>
  <datafield tag="999" ind1=" " ind2=" ">
    <subfield code="c">1524</subfield>
    <subfield code="d">1524</subfield>
  </datafield>
  <datafield tag="952" ind1=" " ind2=" ">
    <subfield code="0">0</subfield>
    <subfield code="1">0</subfield>
    <subfield code="2">ddc</subfield>
    <subfield code="4">0</subfield>
    <subfield code="7">0</subfield>
    <subfield code="8">KHMERNF</subfield>
    <subfield code="a">001</subfield>
    <subfield code="b">001</subfield>
    <subfield code="c">OKHR</subfield>
    <subfield code="d">2023-09-01</subfield>
    <subfield code="l">2</subfield>
    <subfield code="o">MIC 932</subfield>
    <subfield code="p">2023-0454</subfield>
    <subfield code="r">2026-01-05 11:08:59</subfield>
    <subfield code="s">2025-11-10</subfield>
    <subfield code="t">1</subfield>
    <subfield code="w">2023-09-01</subfield>
    <subfield code="y">KHB</subfield>
  </datafield>
  <datafield tag="952" ind1=" " ind2=" ">
    <subfield code="0">0</subfield>
    <subfield code="1">0</subfield>
    <subfield code="2">ddc</subfield>
    <subfield code="4">0</subfield>
    <subfield code="7">0</subfield>
    <subfield code="8">KHMERNF</subfield>
    <subfield code="a">001</subfield>
    <subfield code="b">001</subfield>
    <subfield code="c">OKHR</subfield>
    <subfield code="d">2023-09-01</subfield>
    <subfield code="l">0</subfield>
    <subfield code="o">MIC 932</subfield>
    <subfield code="p">2023-0455</subfield>
    <subfield code="r">2023-09-01 15:45:53</subfield>
    <subfield code="t">2</subfield>
    <subfield code="w">2023-09-01</subfield>
    <subfield code="y">KHB</subfield>
  </datafield>
  <datafield tag="952" ind1=" " ind2=" ">
    <subfield code="0">0</subfield>
    <subfield code="1">0</subfield>
    <subfield code="2">ddc</subfield>
    <subfield code="4">0</subfield>
    <subfield code="7">0</subfield>
    <subfield code="8">KHMERNF</subfield>
    <subfield code="a">001</subfield>
    <subfield code="b">001</subfield>
    <subfield code="c">OKHR</subfield>
    <subfield code="d">2023-09-01</subfield>
    <subfield code="l">0</subfield>
    <subfield code="o">MIC 932</subfield>
    <subfield code="p">FISTK03736</subfield>
    <subfield code="r">2023-10-10 08:26:26</subfield>
    <subfield code="t">3</subfield>
    <subfield code="w">2023-09-01</subfield>
    <subfield code="y">KHB</subfield>
  </datafield>
  <datafield tag="952" ind1=" " ind2=" ">
    <subfield code="0">0</subfield>
    <subfield code="1">0</subfield>
    <subfield code="2">ddc</subfield>
    <subfield code="4">0</subfield>
    <subfield code="7">0</subfield>
    <subfield code="8">KHMERNF</subfield>
    <subfield code="a">001</subfield>
    <subfield code="b">001</subfield>
    <subfield code="c">OKHR</subfield>
    <subfield code="d">2023-09-01</subfield>
    <subfield code="l">1</subfield>
    <subfield code="o">MIC 932</subfield>
    <subfield code="p">FISTK05110</subfield>
    <subfield code="r">2024-08-23 09:06:28</subfield>
    <subfield code="s">2024-08-23</subfield>
    <subfield code="t">4</subfield>
    <subfield code="w">2023-09-01</subfield>
    <subfield code="y">KHB</subfield>
  </datafield>
  <datafield tag="952" ind1=" " ind2=" ">
    <subfield code="0">0</subfield>
    <subfield code="1">0</subfield>
    <subfield code="2">ddc</subfield>
    <subfield code="4">0</subfield>
    <subfield code="7">0</subfield>
    <subfield code="8">KHMERNF</subfield>
    <subfield code="a">001</subfield>
    <subfield code="b">001</subfield>
    <subfield code="c">OKHR</subfield>
    <subfield code="d">2023-09-01</subfield>
    <subfield code="l">0</subfield>
    <subfield code="o">MIC 932</subfield>
    <subfield code="p">FISTK03711</subfield>
    <subfield code="r">2023-10-10 08:27:17</subfield>
    <subfield code="t">5</subfield>
    <subfield code="w">2023-09-01</subfield>
    <subfield code="y">KHB</subfield>
  </datafield>
  <datafield tag="952" ind1=" " ind2=" ">
    <subfield code="0">0</subfield>
    <subfield code="1">0</subfield>
    <subfield code="2">ddc</subfield>
    <subfield code="4">0</subfield>
    <subfield code="7">0</subfield>
    <subfield code="8">KHMERNF</subfield>
    <subfield code="a">002</subfield>
    <subfield code="b">001</subfield>
    <subfield code="c">TTP Khmer</subfield>
    <subfield code="d">2023-09-01</subfield>
    <subfield code="l">3</subfield>
    <subfield code="o">MIC 932</subfield>
    <subfield code="p">FIS03585</subfield>
    <subfield code="r">2026-04-24 15:58:59</subfield>
    <subfield code="s">2026-02-06</subfield>
    <subfield code="t">6</subfield>
    <subfield code="w">2023-09-01</subfield>
    <subfield code="y">KHB</subfield>
  </datafield>
  <datafield tag="952" ind1=" " ind2=" ">
    <subfield code="0">0</subfield>
    <subfield code="1">0</subfield>
    <subfield code="2">ddc</subfield>
    <subfield code="4">0</subfield>
    <subfield code="7">0</subfield>
    <subfield code="8">KHMERNF</subfield>
    <subfield code="a">002</subfield>
    <subfield code="b">002</subfield>
    <subfield code="c">SKB</subfield>
    <subfield code="d">2023-09-01</subfield>
    <subfield code="l">0</subfield>
    <subfield code="o">MIC 932</subfield>
    <subfield code="p">FIS03698</subfield>
    <subfield code="r">2024-09-20 12:09:58</subfield>
    <subfield code="t">7</subfield>
    <subfield code="w">2023-09-01</subfield>
    <subfield code="y">KHB</subfield>
  </datafield>
  <datafield tag="952" ind1=" " ind2=" ">
    <subfield code="0">0</subfield>
    <subfield code="1">0</subfield>
    <subfield code="2">ddc</subfield>
    <subfield code="4">0</subfield>
    <subfield code="7">0</subfield>
    <subfield code="8">KHMERNF</subfield>
    <subfield code="a">002</subfield>
    <subfield code="b">002</subfield>
    <subfield code="c">SKB</subfield>
    <subfield code="d">2025-04-01</subfield>
    <subfield code="l">0</subfield>
    <subfield code="o">MIC 932</subfield>
    <subfield code="p">FISSE01549</subfield>
    <subfield code="r">2025-04-01 10:26:45</subfield>
    <subfield code="t">8</subfield>
    <subfield code="w">2025-04-01</subfield>
    <subfield code="y">KHB</subfield>
  </datafield>
  <datafield tag="952" ind1=" " ind2=" ">
    <subfield code="0">0</subfield>
    <subfield code="1">0</subfield>
    <subfield code="2">ddc</subfield>
    <subfield code="4">0</subfield>
    <subfield code="7">0</subfield>
    <subfield code="8">KHMERNF</subfield>
    <subfield code="a">002</subfield>
    <subfield code="b">002</subfield>
    <subfield code="c">SKB</subfield>
    <subfield code="d">2025-04-01</subfield>
    <subfield code="l">0</subfield>
    <subfield code="o">MIC 932</subfield>
    <subfield code="p">FISSE02278</subfield>
    <subfield code="r">2025-04-01 10:28:19</subfield>
    <subfield code="t">9</subfield>
    <subfield code="w">2025-04-01</subfield>
    <subfield code="y">KHB</subfield>
  </datafield>
  <datafield tag="952" ind1=" " ind2=" ">
    <subfield code="0">0</subfield>
    <subfield code="1">0</subfield>
    <subfield code="2">ddc</subfield>
    <subfield code="4">0</subfield>
    <subfield code="7">0</subfield>
    <subfield code="8">KHMERNF</subfield>
    <subfield code="a">002</subfield>
    <subfield code="b">002</subfield>
    <subfield code="c">SKB</subfield>
    <subfield code="d">2025-04-01</subfield>
    <subfield code="l">0</subfield>
    <subfield code="o">MIC 932</subfield>
    <subfield code="p">FIS05072</subfield>
    <subfield code="r">2025-04-01 10:28:37</subfield>
    <subfield code="t">10</subfield>
    <subfield code="w">2025-04-01</subfield>
    <subfield code="y">KHB</subfield>
  </datafield>
  <datafield tag="952" ind1=" " ind2=" ">
    <subfield code="0">0</subfield>
    <subfield code="1">0</subfield>
    <subfield code="2">ddc</subfield>
    <subfield code="4">0</subfield>
    <subfield code="7">0</subfield>
    <subfield code="8">KHMERNF</subfield>
    <subfield code="a">002</subfield>
    <subfield code="b">002</subfield>
    <subfield code="c">TTP Khmer</subfield>
    <subfield code="d">2025-04-01</subfield>
    <subfield code="l">1</subfield>
    <subfield code="o">MIC 932</subfield>
    <subfield code="p">FIS04201</subfield>
    <subfield code="q">2026-04-15</subfield>
    <subfield code="r">2026-04-01 08:02:19</subfield>
    <subfield code="s">2026-04-01</subfield>
    <subfield code="t">11</subfield>
    <subfield code="w">2025-04-01</subfield>
    <subfield code="y">KHB</subfield>
  </datafield>
  <datafield tag="952" ind1=" " ind2=" ">
    <subfield code="0">0</subfield>
    <subfield code="1">0</subfield>
    <subfield code="2">ddc</subfield>
    <subfield code="4">0</subfield>
    <subfield code="7">0</subfield>
    <subfield code="8">KHMERNF</subfield>
    <subfield code="a">001</subfield>
    <subfield code="b">001</subfield>
    <subfield code="c">OKHR</subfield>
    <subfield code="d">2025-08-28</subfield>
    <subfield code="l">0</subfield>
    <subfield code="o">MIC 932</subfield>
    <subfield code="p">FISTKG5A012</subfield>
    <subfield code="r">2025-08-28 10:28:16</subfield>
    <subfield code="t">12</subfield>
    <subfield code="w">2025-08-28</subfield>
    <subfield code="y">KHB</subfield>
  </datafield>
  <datafield tag="952" ind1=" " ind2=" ">
    <subfield code="0">0</subfield>
    <subfield code="1">0</subfield>
    <subfield code="2">ddc</subfield>
    <subfield code="4">0</subfield>
    <subfield code="7">0</subfield>
    <subfield code="8">KHMERNF</subfield>
    <subfield code="a">002</subfield>
    <subfield code="b">002</subfield>
    <subfield code="c">SKB</subfield>
    <subfield code="d">2026-04-09</subfield>
    <subfield code="l">0</subfield>
    <subfield code="o">MIC 932</subfield>
    <subfield code="p">2026-0484</subfield>
    <subfield code="r">2026-04-09 11:35:53</subfield>
    <subfield code="t">13</subfield>
    <subfield code="w">2026-04-09</subfield>
    <subfield code="y">KHB</subfield>
  </datafield>
</record>
